50 Flicks to Click (1975) Quiz Stats

 Plays Quiz Updated Jun 7, 2017

Support Sporcle.
Go Orange.
Score 0/50 Timer 07:00
2 Plays Today
% Correct
Cuckoo's
94.1%
Holy
94%
Panther
93.8%
Rocky
93.3%
Day
91.4%
French
91.4%
Forgot
90.7%
Do
90.6%
King
90.3%
Stepford
89.7%
Shook
87.7%
Tavi
87%
Boy
87%
Witch
84.6%
Bite
84.1%
Strongest
83.9%
Days
83.5%
Brother
80.9%
Gang
80%
Mountain
79.5%
Rooster
79.1%
Devil
76.6%
Tall
75.3%
Death
75.3%
Barry
73.2%
% Correct
Lady
72.4%
Pool
71.4%
Boys
70%
Macon
69.9%
Moves
68.1%
Lovely
68.1%
Within
65.9%
Eiger
62.3%
Waldo
60.8%
Dinosaurs
60.5%
Hiding
59%
Dixie
57.5%
Killer
56.2%
Lucky
56.1%
Locust
55.1%
Pass
54.8%
Hanging
52.9%
Line
52.6%
Reincarnation
51.3%
Englishwoman
50.3%
Lion
48%
Katharina
43.6%
Prisoner
42.4%
Adele
38.8%
Red
35.6%

You're not logged in!

Compare scores with friends on all Sporcle quizzes.
OR
Log In
Forgot?

From the Vault

'G' in Science

by THEJMAN

So is a 'G' in science worse than an 'F'?
Remove Ads.
Support Sporcle.
Get the best of Sporcle when you Go Orange. This ad-free experience offers more features, more stats, and more fun while also helping to support Sporcle. Thank you for becoming a member.

Show Comments

Extras

Top Quizzes Today


Score Distribution

Your Account Isn't Verified!

In order to create a playlist on Sporcle, you need to verify the email address you used during registration. Go to your Sporcle Settings to finish the process.

Report this User

Report this user for behavior that violates our Community Guidelines.

Details: